| 000 | 00745nam a2200265Ia 4500 | ||
|---|---|---|---|
| 001 | Para_4164 | ||
| 003 | CHAP | ||
| 008 | 220125s1944 xx 000 0 und d | ||
| 010 | _a202724 | ||
| 040 | _cCHAP | ||
| 090 | _aPA FOLLETO 1798 | ||
| 100 |
_aHildebrand, E. M. _955383 |
||
| 245 |
_aPeach cankers and their control / _c E. M. Hildebrand |
||
| 260 |
_aIthaca, N. Y. : _b Cornell University |
||
| 300 | _a24 p. | ||
| 440 |
_aIthaca, N. Y. Cornell Extensión Bull; 657 _9168065 |
||
| 650 |
_aDurazno _x Enfermedades por hongos _934595 |
||
| 901 | _aPA FOLLETO 1798 | ||
| 902 | _aA | ||
| 905 | _a0000001944 ITH 0000000000 00 | ||
| 910 | _a1944 | ||
| 942 | _cPARA | ||
| 942 |
_cPARA _d1 |
||
| 999 |
_c202724 _d202724 |
||